• 首页
  • 本馆介绍
  • 公告通知
  • 最新文献
  • 馆藏检索
  • 电子资源
  • 读者导购
  • 参考咨询
  • 我的图书馆
  • 登录
  • 详细信息显示
  • 放入我的书架
  • 预约/预借图书
  • 作者相关作品
  • 分类相关作品
  • 丛书相关作品
  • 出版社相关作品

书目信息

  • 表格格式
  • 工作单格式
  • 卡片格式
题名:
混沌动力学基础及其在大脑功能方面的应用
    
 
作者: 刘宗华 著
分册:  
出版信息: 北京   科学出版社  2018
页数: 381页
开本: 24cm
丛书名:
单 册:
中图分类: O415.5 , Q426
科图分类:
主题词: 混沌理论--动力学--研究 , 脑--机能--研究 , 神经生理学
电子资源:
ISBN: 978-7-03-056362-0
000 01168nam0 2200277 450
001 684
005 20180924095536.94
010    @a978-7-03-056362-0@b精装@dCNY189.00
100    @a20180612d2018 em y0chiy50 ea
101 0  @achi
102    @aCN@b110000
105    @aa z 001yy
200 1  @a混沌动力学基础及其在大脑功能方面的应用@9hun dun dong li xue ji chu ji qi zai da nao gong neng fang mian di ying yong@f刘宗华著
210    @a北京@c科学出版社@d2018
215    @a381页@c图@d24cm
300    @a国家科学技术学术著作出版基金资助项目
330    @a本书共分11章,前四章主要介绍混沌的基本概念、能出混沌的典型的分立与连续动力系统及刻画混沌的常用手段;后7章则着重介绍混沌理论的纵深发展及其在与脑功能有关方面的应用,包括耦合混沌系统同步化的基本概念与理论、复杂网络的同步化、爆炸性同步、耦合系统中的奇异态、脑功能网络的认知与信号传递等。
510 1  @aChaotic dynamics foundation and its applications in brain functions@zeng
606 0  @a混沌理论@x动力学@x研究
606 0  @a脑@x机能@x研究
606 0  @a神经生理学
690    @aO415.5@v5
690    @aQ426@v4
701  0 @a刘宗华@9liu zong hua@4著
801  0 @aCN@b91MARC@c20180612
905    @aMuseLib@dQ426@e32
    
    混沌动力学基础及其在大脑功能方面的应用/刘宗华著.-北京:科学出版社,2018
    381页:图;24cm
    国家科学技术学术著作出版基金资助项目
    
    ISBN 978-7-03-056362-0(精装):CNY189.00
    本书共分11章,前四章主要介绍混沌的基本概念、能出混沌的典型的分立与连续动力系统及刻画混沌的常用手段;后7章则着重介绍混沌理论的纵深发展及其在与脑功能有关方面的应用,包括耦合混沌系统同步化的基本概念与理论、复杂网络的同步化、爆炸性同步、耦合系统中的奇异态、脑功能网络的认知与信号传递等。
●
相关链接 在E读中查询图书 在五车中查询图书 在当当中查询图书 在豆瓣中查询图书


正题名:混沌动力学基础及其在大脑功能方面的应用     索取号:Q426/32         预约/预借

序号 登录号 条形码 馆藏地/架位号 状态 备注
1 1120156   211201563   第二样本阅览室/ [索取号:Q426/32] 在馆    
2 1120157   211201572   第三借阅区/ [索取号:Q426/32] 在馆    
唐山师范学院图书馆 欢迎您!
大连网信软件有限公司© 版权所有